000 01973cam a22004214i 4500
003 PE-LiUPU
005 20250731173132.0
008 150623s r 000 0 d
035 _a(Sirsi) a26643
040 _aPE-LiUPU
_bspa
_cPE-LiUPU
_erda
082 0 4 _a289.33
_bP77P
_221
100 1 _aPond, Douglas V.,
_d1908-,
_eautor.
245 1 0 _aPillars of mormonism :
_ba kindly review of mormonism in a careful comparison with the Bible /
_cDouglas V. Pond.
264 1 _aWashington, D.C. :
_bReview and Herald Publishing Association,
_c1978.
300 _a271 páginas ;
_c21 cm.
336 _atext
_2rdacontent
337 _aunmediated
_2rdamedia
338 _avolume
_2rdacarrier
504 _aIncluye bibliografía.
505 0 _aMormonism today- an overview. What is mormon scripture?. Testing the book of mormon. Was the gospel taken from the earth?. Mormonism's doctrine of preexistence. Mormonism's priesthood and authority. Mormonism´s doctrine of the dead. Mormonism's conditional and unconditional salvation. Mormonism's spirits in prison.Mormonism's baptism for the dead. Mormonism's millennium. Mormonism's salvation by works. Mormonism's exaltation of man. Mormonism's three degrees of glory. Mormonism's temples. The mormon Lord's day. Was Joseph Smith Deceived?.
526 _aSEG42
526 _aSEG41
526 _aSEG40
526 _aSEG39
526 _aP94
526 _aP87
526 _aP86
526 _aP85
526 _aP77
526 _aP76
526 _aP35
650 0 4 _aMormonismo
_xDoctrinas.
942 _2ddc
_cBOOK
949 _a289.33 P77P
_wDEWEY
_c1
_i51949
_lCCODEBUL1
_mBUL
_p18.00
_r0
_sY
_tBOOK
_u2015-06-24
_xTEOLOGIA
_PP35
_0COMPRA
_o.STAFF. Colección General
596 _a1
999 _a289.33 P77P
_wDEWEY
_c33696
_i51949
_f2021-11-11
_g5
_lCCODEBUL1
_mBUL
_p18.00
_r0
_sY
_tBOOK
_u2015-6-24
_xTEOLOGIA
_PP35
_0COMPRA
_o.STAFF. Colección General
_d33696
980 _81
_gALBERTO SANCHEZ Responsable de Automatización